Computers and artificial intelligence

Bibliographic Details
New Title:Computing and informatics
Previous Title:Počítače a umelá inteligencia
Format: Journal
Language:English
PhysicalDescription:18 zv. 25 cm
Published: Bratislava Veda 1983-2000
Bratislava Slovak Academic Press
ISSN:0232-0274
0231-7389
1335-9150
Subjects:

MARC

LEADER 00000cas a2200000 a 4500
001 vtls008880289
003 SK-MaSNL
005 20260228162253.0
008 141119d19832000xo br|p 0 1 a0eng d
022 |a 0232-0274 
035 |a (SVKBB03)vtls000031168 
040 |a SVKBB  |b slo  |c SVKBB  |d SAVUK  |d SNK  |e AACR2 
041 0 |a eng 
044 |a xo  |c SK 
072 7 |a 004.3  |x Počítače. Hardvér  |2 konspekt 
072 7 |a 004.8  |x Umelá inteligencia  |2 konspekt 
080 |a 004.38  |2 2001 
080 |a 004.8  |2 2001 
080 |a 007  |2 2001 
080 |a (051)001  |2 2001 
080 |a 050  |2 2001 
210 0 |a Comput. artif. intell. 
222 |a Computers and artificial intelligence 
245 0 0 |a Computers and artificial intelligence 
260 |a Bratislava  |b Veda  |c 1983-2000 
260 3 |3 1994-2000  |a Bratislava  |b Slovak Academic Press 
300 |a 18 zv.  |c 25 cm 
310 |a 6x ročne 
362 0 |a Vol. 2, no. 1 (1983)-vol. 19, no. 6 (2000) 
650 0 7 |a počítače  |2 SNKPH  |9 2027 
650 0 7 |a umelá inteligencia  |2 SNKPH  |9 1830 
650 0 7 |a kybernetika  |2 SNKPH  |9 1125 
655 7 |a vedecké časopisy  |2 SNKPH  |9 70520 
710 2 |a Slovenská akadémia vied.  |b Ústav technickej kybernetiky  |4 pbl  |9 89515 
710 2 |a Slovenská akadémia vied.  |b Ústav počítačových systémov  |4 pbl  |9 62597 
710 2 |a Slovenská akadémia vied.  |b Ústav teórie riadenia a robotiky  |4 pbl  |9 176667 
710 2 |a Slovenská akadémia vied.  |b Ústav informatiky  |4 pbl  |9 124147 
780 0 0 |t Počítače a umelá inteligencia  |x 0231-7389  |w vtls008885201 
785 0 0 |t Computing and informatics  |x 1335-9150  |w vtls001485955 
852 |a Štátna vedecká knižnica v Banskej Bystrici 
910 |a savuk 
910 |a snk 
916 |a 1983-2000 
999 |c 7359  |d 9289 
952 |0 0  |1 0  |4 0  |7 0  |a SNK  |b SNK  |d 2000-05-09  |f 1  |i snkČSP 5761/90  |l 0  |o snkČSC 2770/8/1989  |p 17A0238335  |r 2005-01-02 00:00:00  |t č. 1-6  |w 2026-02-21  |y PREZ 
952 |0 0  |1 0  |4 0  |7 0  |a SNK  |b SNK  |d 2014-01-14  |f 1  |i snkČSP 1629/2002  |l 0  |o snkČSC 2770/18/1999  |p 17A0867424  |r 2026-02-21 19:44:05  |t č. 1-6  |w 2026-02-21  |y PREZ 
952 |0 0  |1 0  |4 0  |7 0  |a SNK  |b SNK  |d 2014-01-14  |f 1  |i snkČSP 1621/2001  |l 0  |o snkČSC 2770/17/1998  |p 17A0867430  |r 2026-02-21 19:44:05  |t č. 1-6  |w 2026-02-21  |y PREZ 
952 |0 0  |1 0  |4 0  |7 0  |a SNK  |b SNK  |d 2014-01-14  |f 1  |i snkČSP 3962/99  |l 0  |o snkČSC 2770/16/1997   |p 17A0867426  |r 2026-02-21 19:44:05  |t č. 1-6  |w 2026-02-21  |y PREZ 
952 |0 0  |1 0  |4 0  |7 0  |a SNK  |b SNK  |d 2014-01-14  |f 1  |i snkČSP 3960/99  |l 0  |o snkČSC 2770/15/1996  |p 17A0867427  |r 2026-02-21 19:44:05  |t č. 1-6  |w 2026-02-21  |y PREZ 
952 |0 0  |1 0  |4 0  |7 0  |a SNK  |b SNK  |d 2014-01-14  |f 1  |i snkČSP 1410/96  |l 0  |o snkČSC 2770/14/1995  |p 17A0867428  |r 2026-02-21 19:44:05  |t č. 1-6  |w 2026-02-21  |y PREZ 
952 |0 0  |1 0  |4 0  |7 0  |a SNK  |b SNK  |d 2014-01-14  |f 1  |i snkČSP 1406/96  |l 0  |o snkČSC 2770/13/1994  |p 17A0867429  |r 2026-02-21 19:44:05  |t č. 1-6  |w 2026-02-21  |y PREZ 
952 |0 0  |1 0  |4 0  |7 0  |a SNK  |b SNK  |d 2014-01-14  |f 1  |i snkČSP 1408/96  |l 0  |o snkČSC 2770/12/1993  |p 17A0751624  |r 2026-02-21 19:44:05  |t č. 1-6  |w 2026-02-21  |y PREZ 
952 |0 0  |1 0  |4 0  |7 0  |a SNK  |b SNK  |d 2014-01-14  |f 1  |i snkČSP 396/94  |l 0  |o snkČSC 2770/11/1992  |p 17A0751618  |r 2026-02-21 19:44:05  |t č. 1-6  |w 2026-02-21  |y PREZ 
952 |0 0  |1 0  |4 0  |7 0  |a SNK  |b SNK  |d 2014-01-14  |f 1  |i snkČSP 3478/93  |l 0  |o snkČSC 2770/10/1991  |p 17A0751623  |r 2026-02-21 19:44:05  |t č. 1-6  |w 2026-02-21  |y PREZ 
952 |0 0  |1 0  |4 0  |7 0  |a SNK  |b SNK  |d 2014-01-14  |f 1  |i snkČSP 2199/91  |l 0  |o snkČSC 2770/9/1990  |p 17A0751622  |r 2026-02-21 19:44:05  |t č. 1-6  |w 2026-02-21  |y PREZ 
952 |0 0  |1 0  |4 0  |7 0  |a SNK  |b SNK  |d 2014-01-14  |f 1  |i snkČSP 2047/89  |l 0  |o snkČSC 2770/7/1988  |p 17A0751621  |r 2026-02-21 19:44:05  |t č. 1-6  |w 2026-02-21  |y PREZ 
952 |0 0  |1 0  |4 0  |7 0  |a SNK  |b SNK  |d 2014-01-14  |f 1  |i snkČSP 4479/88  |l 0  |o snkČSC 2770/6/1987  |p 17A0751620  |r 2026-02-21 19:44:05  |t č. 1-6  |w 2026-02-21  |y PREZ 
952 |0 0  |1 0  |4 0  |7 0  |a SNK  |b SNK  |d 2014-01-14  |f 1  |i snkČSP 1898/84  |l 0  |o snkČSC 2770/3/1984  |p 17A0751626  |r 2026-02-21 19:44:26  |t č. 1-6  |w 2026-02-21  |y PREZ 
952 |0 0  |1 0  |4 0  |7 0  |a SNK  |b SNK  |d 2014-01-14  |f 1  |i snkČSP 2148/83  |l 0  |o snkČSC 2770/2/1983  |p 17A0751627  |r 2026-02-21 19:44:26  |t č. 1-6  |w 2026-02-21  |y PREZ 
952 |0 0  |1 0  |4 0  |7 0  |a SNK  |b SNK  |d 2014-01-14  |f 1  |i snkČSP 3427/87  |l 0  |o snkČSC 2770/5/1986  |p 17A0751628  |r 2026-02-21 19:44:26  |t č. 1-6  |w 2026-02-21  |y PREZ 
952 |0 0  |1 0  |4 0  |7 0  |a SNK  |b SNK  |d 2014-01-14  |f 1  |i snkČSP 2889/86  |l 0  |o snkČSC 2770/4/1985  |p 17A0751629  |r 2026-02-21 19:44:27  |t č. 1-6  |w 2026-02-21  |y PREZ 
952 |0 0  |1 0  |4 0  |7 0  |a SNK  |b SNK  |d 2012-02-13  |i snkČSP 3423/87  |l 0  |o snkČSC 2770/5/1986 D1  |p 17A0887174  |r 2026-02-21 20:17:37  |t č. 1-6  |w 2026-02-21  |y PREZ 
952 |0 0  |1 0  |4 0  |7 0  |a SNK  |b SNK  |d 2012-02-13  |i snkČSP 2200/91  |l 0  |o snkČSC 2770/9/1990 D1  |p 17A7632876  |r 2026-02-21 20:17:37  |t č. 1-6  |w 2026-02-21  |y PREZ 
952 |0 0  |1 0  |4 0  |7 0  |a SNK  |b SNK  |d 2012-02-13  |i snkČSP 1899/84  |l 0  |o snkČSC 2770/3/1984 D1  |p 17A7632865  |r 2026-02-21 20:17:37  |t č. 1-6  |w 2026-02-21  |y PREZ 
952 |0 0  |1 0  |4 0  |7 0  |a SNK  |b SNK  |d 2012-01-11  |i snkČSP 2890/86  |l 0  |o snkČSC 2770/4/1985 D1  |p 17A0761832  |r 2026-02-21 20:29:47  |t č. 1-6  |w 2026-02-21  |y PREZ 
952 |0 0  |1 0  |4 0  |7 0  |8 0  |a SNK  |b SNK  |d 2008-03-05  |f 1  |i snk2008/5471  |l 0  |o snkČSC 2770/19/2000  |p 17A0524672  |r 2026-02-21 20:49:07  |t č. 1-6  |w 2026-02-21  |y PREZ 
952 |0 0  |1 0  |4 0  |7 0  |8 0  |a SNK  |b SNK  |d 2008-03-05  |i snk2008/5472  |l 0  |o snkČSC 2770/19/2000 D1  |p 17A0524673  |r 2026-02-21 20:49:07  |t č. 1-6, neúplné  |w 2026-02-21  |y PREZ  |z Chýba č. 3 
952 |0 0  |1 0  |4 0  |7 0  |a SNK  |b SNK  |d 1998-04-28  |l 0  |o snkČSC 2770/11/1992 D1  |p 17A0136313  |r 2005-01-02 00:00:00  |t č. 1-6  |w 2026-02-21  |y PREZ